| 000 | 00611nam a22002177a 4500 | ||
|---|---|---|---|
| 003 | DO-SdBNP | ||
| 005 | 20171127112803.0 | ||
| 008 | 151116b 2003 xxu|||| 00| 0 spa d | ||
| 020 | _a0451528743 | ||
| 040 |
_aBPMSU _bspa _cBPMSU |
||
| 092 |
_axxxx _bxxxx |
||
| 100 | 1 |
_aWallace, Lew, _c1827-1905. _4 |
|
| 245 | 1 | 0 |
_aBen-Hur a tale of the christ / _cLew Wallace |
| 260 |
_aEstados Unidos : _bA Signet Classic, _c2003 |
||
| 300 |
_a558 p. : _b _c19 cm. |
||
| 700 |
_a _e |
||
| 910 | _a | ||
| 942 |
_2ddc _cBK |
||
| 945 | _aInventariado extranjero / 2017 VM | ||
| 956 |
_a VMATEO _b 10 _220171127 _3BPMSU _60069 |
||
| 999 |
_c13119 _d13119 |
||